|
|
|
|
| LEADER |
01847nam a2200457Ia 4500 |
| 001 |
EBC166453 |
| 003 |
MiAaPQ |
| 005 |
20200520144314.0 |
| 006 |
m o d | |
| 007 |
cr cn||||||||| |
| 008 |
990721s2000 enka sb 001 0 eng d |
| 010 |
|
|
|z 99041283
|
| 020 |
|
|
|z 020345037X
|
| 020 |
|
|
|z 0415178630 (hb)
|
| 020 |
|
|
|z 0415178649 (pbk)
|
| 035 |
|
|
|a (MiAaPQ)EBC166453
|
| 035 |
|
|
|a (Au-PeEL)EBL166453
|
| 035 |
|
|
|a (CaPaEBR)ebr10054715
|
| 035 |
|
|
|a (CaONFJC)MIL33546
|
| 035 |
|
|
|a (OCoLC)59006253
|
| 040 |
|
|
|a MiAaPQ
|c MiAaPQ
|d MiAaPQ
|
| 050 |
|
4 |
|a HD30.4
|b .S73 2000
|
| 082 |
0 |
4 |
|a 658.4/07124
|2 21
|
| 100 |
1 |
|
|a Statt, David A.,
|d 1942-
|
| 245 |
1 |
0 |
|a Using psychology in management training
|h [electronic resource] :
|b the psychological foundations of management skills /
|c David A. Statt.
|
| 260 |
|
|
|a London ;
|a Philadelphia :
|b Routledge,
|c 2000.
|
| 300 |
|
|
|a ix, 204 p. :
|b ill.
|
| 504 |
|
|
|a Includes bibliographical references (p. [188]-202) and index.
|
| 533 |
|
|
|a Electronic reproduction. Ann Arbor, MI : ProQuest, 2015. Available via World Wide Web. Access may be limited to ProQuest affiliated libraries.
|
| 650 |
|
0 |
|a Executives
|x Training of
|x Psychological aspects.
|
| 650 |
|
0 |
|a Middle managers
|x Training of
|x Psychological aspects.
|
| 650 |
|
0 |
|a Supervision of employees
|x Study and teaching
|x Psychological aspects.
|
| 650 |
|
0 |
|a Educational psychology.
|
| 650 |
|
0 |
|a Psychology, Industrial
|x Study and teaching.
|
| 650 |
|
0 |
|a Organizational behavior
|x Study and teaching.
|
| 650 |
|
0 |
|a Management
|x Study and teaching
|x Psychological aspects.
|
| 650 |
|
0 |
|a Management
|x Study and teaching
|x Methodology.
|
| 650 |
|
0 |
|a Executive ability.
|
| 655 |
|
4 |
|a Electronic books.
|
| 710 |
2 |
|
|a ProQuest (Firm)
|
| 856 |
4 |
0 |
|u https://ebookcentral.proquest.com/lib/matrademy/detail.action?docID=166453
|z Click to View
|